HR funkciók és jelentőségük a különböző munkavállalói generációs csoportok között

Bibliográfiai részletek
Szerző: Steiner Ráhel
További közreműködők: Harsányi Dr. Dávid
Nováczky Regina
Dokumentumtípus: Diplomadolgozat
Kulcsszavak:HR
Munkavállalók
Generációk
Dolgozói elégedettség
Munkaerőpiac
Online Access:http://dolgozattar.uni-bge.hu/20652

MARC

LEADER 00000nta a2200000 i 4500
001 dolg20652
005 20200517120419.0
008 190506suuuu hu om 000 hun d
040 |a BGE Dolgozattár Repozitórium  |b hun 
041 |a hu 
100 1 |a Steiner Ráhel 
245 1 0 |a HR funkciók és jelentőségük a különböző munkavállalói generációs csoportok között  |c Steiner Ráhel  |h [elektronikus dokumentum] 
695 |a HR 
695 |a Munkavállalók 
695 |a Generációk 
695 |a Dolgozói elégedettség 
695 |a Munkaerőpiac 
700 1 |a Harsányi Dr. Dávid  |e ths 
700 1 |a Nováczky Regina  |e ths 
856 4 0 |u http://dolgozattar.uni-bge.hu/20652/1/Steiner%20Rahel%20-%20DFNOYI.pdf  |z Dokumentum-elérés